|
|
|
|
| LEADER |
00000nam a22000007a 4500 |
| 008 |
210907b ||||| |||| 00| 0 eng d |
| 020 |
|
|
|a 978-1-85604-755-5
|
| 100 |
|
|
|a BROWN, Adrian.
|
| 245 |
|
|
|a Practical digital preservation:
|b a how-to guide for organizations of any size/
|c Adrian Brown
|g xvi, 336p., ill.
|
| 260 |
|
|
|b Facet,
|c 2013
|h London
|i 696934 – Educ.
|i 696935
|l ZA4080 .B82
|m Digital preservation
|m Digital libraries – Management.
|m Electronic information resources.
|
| 500 |
|
|
|a “It includes index”
|
| 942 |
|
|
|a lcc
|c BK
|e j. o. ifatola
|f 07/ 09/ 2021
|
| 952 |
|
|
|0 0
|1 0
|2 lcc
|4 0
|6 ZA4080 B82
|7 0
|9 3426
|a HOL
|b HOL
|c QZ
|d 2021-09-07
|l 0
|o ZA4080 .B82
|p 2021-67133
|r 2021-09-07 00:00:00
|w 2021-09-07
|y BK
|
| 952 |
|
|
|0 0
|1 0
|2 lcc
|4 0
|6 ZA4080 B82
|7 0
|9 3429
|a HOL
|b ED
|c QZ
|d 2021-09-07
|l 0
|o ZA4080 .B82
|p 2021-67136
|r 2021-09-07 00:00:00
|w 2021-09-07
|y BK
|
| 999 |
|
|
|c 1708
|d 1708
|